00510nam a2200193 a 4500001001300000003000900013005001700022008004100039020002300080082001600103100002400119245003700143260004300180300001000223500003500233505001000268650001400278700002400292nice12345678IN_TiNIC20260116014059.0140525s2009 oxfa grp 000 0 eng  a9781851685110c39500a297.4bCHI8 aChittick, William C aIbn`arabib Heir to the Prophets aOxford bOne World Publications c2009 a152p  aincludes index and biblioraphy2 aindex aIbn-Arabi1 aChittick, William C